Les Joueurs de Football qui dans FIFA ont plus de 85 de potentiel - Statistiques

Statistiques générales
  • Ce quiz a été pris 100 fois
  • Le résultat moyen est 5 sur 79
Statistiques - réponses
Nationalité Potentiel Général Réponse % Correct
Français 88 73 Rayan Cherki
38%
Français 86 69 Désiré Doué
23%
Espagnol 85 74 Balde
22%
Turc 86 70 Arda Güler
18%
Néerlandais 85 75 Micky van de Ven
16%
Français 86 67 Mathys Tel
15%
Allemand 89 75 Youssoufa Moukoko
15%
Tchèque 86 76 Adam Hložek
13%
Espagnol 87 74 Alberto Moleiro
13%
Français 85 76 Hugo Ekitike
13%
Allemand 86 75 Karim Adeyemi
13%
Français 85 75 Malo Gusto
13%
Espagnol 87 76 Nico Williams
13%
Néerlandais 87 75 Xavi Simons
13%
Argentin 86 66 Alejandro Garnacho
11%
Norvégien 88 68 Antonio Nusa
10%
Portugais 87 75 António Silva
10%
Slovéne 85 72 Benjamin Šeško
10%
Français 86 76 Castello Lukeba
10%
Italien 85 73 Nicolò Fagioli
10%
Italien 88 73 Fabio Miretti
9%
Belge 85 75 Jérémy Doku
9%
Ukrainien 85 75 Mykhailo Mudryk
9%
Néerlandais 85 74 Quinten Timber
9%
Anglais 86 65 Rico Lewis
9%
Ivoirien 85 71 Amad Diallo
8%
Anglais 87 75 Harvey Elliott
8%
Anglais 87 67 Jamie Bynoe-Gittens
8%
Espagnol 86 69 Pablo Torre
8%
Argentin 87 76 Thiago Almada
8%
Belge 85 75 Amadou Onana
6%
Brésilien 85 72 João Pedro
6%
Italien 86 70 Wilfried Gnonto
6%
Italien 89 76 Destiny Udogie
5%
Français 85 75 Elye Wahi
5%
Italien 85 70 Giorgio Scalvini
5%
Belge 85 68 Johan Bakayoko
5%
Brésilien 86 73 Marquinhos
5%
Français 85 72 Mohamed-Ali Cho
5%
Belge 85 66 Romeo Lavia
5%
Brésilien 86 70 Sávio
5%
Argentin 86 76 Alan Varela
3%
Gallois 85 75 Brennan Johnson
3%
Portugais 86 74 Fábio Leandro Carvalho
3%
Français 85 75 Georginio Rutter
3%
Néerlandais 86 75 Kenneth Taylor
3%
Américain 86 69 Malik Tillman
3%
Croate 86 70 Martin Baturina
3%
Portugais 85 66 Mateus Fernandes
3%
Polonais 87 75 Nicola Zalewski
3%
Anglais 85 75 Tino Livramento
3%
Norvégien 86 71 Andreas Schjelderup
2%
Néerlandais 85 71 Björn Meijer
2%
Argentin 85 75 Facundo Farías
2%
Brésilien 86 75 Gabriel Veron
2%
Irlandais 85 71 Gavin Bazunu
2%
Brésilien 86 66 Kayky
2%
Albanais 85 73 Kristjan Asllani
2%
Argentin 86 67 Luka Romero
2%
Croate 85 74 Luka Sučić
2%
Serbe 85 65 Marko Lazetić
2%
Français 85 76 Maxence Lacroix
2%
Italien 85 74 Samuele Ricci
2%
Anglais 85 68 Samuel Iling-Junior
2%
Ivoirien 85 76 Wilfried Singo
2%
Ghanéen 86 67 Abdul Fatawu Issahaku
1%
Portugais 85 67 Diego Moreira
1%
Argentin 85 72 Exequiel Zeballos
1%
Portugais 86 73 Francisco Conceição
1%
Portugais 85 71 Henrique Araújo
1%
Belge 85 68 Luca Oyen
1%
Argentin 85 70 Matías Soulé
1%
Turc 85 67 Naci Ünüvar
1%
Suédois 86 65 Roony Bardghji
1%
Italien 85 76 Tommaso Pobega
1%
Brésilien 85 76 Vanderson
1%
Argentin 85 75 Alan Velasco
0%
Italien 86 73 Matteo Cancellieri
0%
Croate 85 70 Stipe Biuk
0%
Aucun quiz correspondant
Distribution des résultats
% des personnes avec chaque résultat
Percentile par nombre de réponses
Votre historique - résultats
Vous n’avez pas pris ce quiz